| 000 | 00509nam a2200157 a 4500 | ||
|---|---|---|---|
| 001 | 000016458 | ||
| 005 | 20200929164922.0 | ||
| 008 | 100305s1982 dr a 000 0 spa d | ||
| 040 |
_aDO-SdBNP _bspa _cBNPHU |
||
| 082 |
_axxx _bM181m |
||
| 100 | 1 |
_aMadero de Mamán, María del Carmen _936672 |
|
| 245 | 1 | 0 |
_aManual para la enseñanza de los sordos / _cMaría del Carmen Madero de Mamán. |
| 260 |
_aSanto Domingo : _bArtes Gráficas, (Sordomudez), _c1982. |
||
| 300 |
_a119 p. : _bil. ; _c27 cm. |
||
| 049 | _aBNPD | ||
| 999 |
_c15993 _d15993 |
||